| 000 | 00486 a2200157 4500 | ||
|---|---|---|---|
| 999 |
_c5962 _d5962 |
||
| 020 | _a8174092102 | ||
| 050 | _aT 55 JAI 2011 | ||
| 100 |
_aJain, R. K. _eAuthor |
||
| 245 |
_aIndustrial safety,health and environment management systems / _cR. K. Jain and Sunil S. Rao |
||
| 264 |
_aNew Delhi: _bKhanna Publishers, _c2011 |
||
| 300 |
_a1151p. : _bill. |
||
| 500 | _aIncludes index | ||
| 650 |
_aIndustrial systems _xManagement |
||
| 700 |
_aRao, Sunil _eAuthor |
||
| 942 |
_2lcc _cBK _h55 _iJAI _kT |
||